| 000 | 01080nam a2200289 a 4500 | ||
|---|---|---|---|
| 001 | BRL_1574 | ||
| 005 | 20190320211253.0 | ||
| 008 | 180314s1999----nyuao#####---#000-0#eng-# | ||
| 020 | _a0810943794 | ||
| 041 | _aeng | ||
| 044 | _anyu | ||
| 050 | 4 |
_aGN419.5 _b.N85 1999 |
|
| 100 | 1 |
_aNunley, John W. _d1945- _q(John Wallace) _927291 |
|
| 245 | 1 | 0 |
_aMasks _bfaces of culture _cJohn W. Nunley [and] Cara McCarty. |
| 260 |
_aNew York _bHarry N. Abrams _c1999 |
||
| 300 |
_a344 p. _bil., fotografías _c30 cm. |
||
| 500 | _aAu1790 | ||
| 500 | _aPublicado para acompañar una exposición celebrada en el St. Louis Art Museum, Oct. 9, 1999-Jan. 2, 2000, the Field Museum, Chicago, Feb. 19-May 14, 2000, and the Museum of Fine Arts, Houston, June 25-Oct. 1, 2000. | ||
| 504 | _aBibliografía: p. 337-339 | ||
| 650 | 1 | 4 |
_aMáscaras _vExposiciones _927327 |
| 700 | 1 |
_aMcCarty, Cara _ecoaut. _927328 |
|
| 710 | 2 |
_aSt. Louis Art Museum _927298 |
|
| 710 | 2 |
_aMuseum of Fine Arts, Houston _927329 |
|
| 710 | 2 |
_aField Museum of Natural History. _927330 |
|
| 902 | _aGRL | ||
| 942 |
_2lcc _cB |
||
| 999 |
_c10383 _d10383 |
||